[Event "Benidorm op U2300 13th"]
[Site "Benidorm"]
[Date "2014.12.01"]
[Round "4"]
[White "Jimenez Martinez, Jose Vicente"]
[Black "Tetimov, Ivan"]
[Result "1/2-1/2"]
[WhiteElo "2257"]
[BlackElo "2158"]
[PlyCount "111"]
[EventDate "2014.11.28"]
[EventType "swiss"]
[EventRounds "10"]
[EventCountry "ESP"]
[SourceTitle "CBM 163 Extra"]
[Source "ChessBase"]
[SourceDate "2014.12.23"]
[SourceVersion "1"]
[SourceVersionDate "2014.12.23"]
[SourceQuality "1"]

1. d4 d5 2. c4 c6 3. Nf3 Nf6 4. Nc3 a6 5. a4 e6 6. Bg5 Be7 7. e3 a5 8. Be2 Na6 9. 0-0 0-0 10. Qb3 Nb4 11. Na2 Nxa2 12. Qxa2 dxc4 13. Qxc4 Nd5 14. Bxe7 Qxe7 15. Rfd1 Rd8 16. Rac1 Qb4 17. b3 Bd7 18. Ne5 Be8 19. Bf3 f6 20. Bxd5 cxd5 21. Qxb4 axb4 22. Nd3 b5 23. axb5 Bxb5 24. Nxb4 Ra3 25. Nd3 Bxd3 26. Rxd3 Rb8 27. Rb1 Rc8 28. Rdd1 Rc2 29. Rbc1 Re2 30. b4 Raa2 31. Rf1 Rab2 32. Rc8+ Kf7 33. Rc7+ Kg6 34. Re7 Rxb4 35. Rxe6 Rxd4 36. Rd6 Rdd2 37. Ra6 h5 38. Ra4 Kf5 39. Rf4+ Ke5 40. h4 g5 41. hxg5 fxg5 42. Rf8 h4 43. Kh2 g4 44. g3 h3 45. Rf4 d4 46. exd4+ Rxd4 47. Rxd4 Kxd4 48. Kg1 Kd3 49. Ra1 Rc2 50. Ra3+ Rc3 51. Ra4 Rc4 52. Ra3+ Ke4 53. Re3+ Kf5 54. Re8 Rc6 55. Rf8+ Rf6 56. Re8 1/2-1/2

[Event "BUL-chT2"]
[Site "Sunny Beach"]
[Date "2014.09.21"]
[Round "3.3"]
[White "Mladenov, Emil"]
[Black "Tetimov, Ivan"]
[Result "1/2-1/2"]
[WhiteElo "2110"]
[BlackElo "2067"]
[PlyCount "76"]
[EventDate "2014.09.19"]
[EventType "team-swiss"]
[EventRounds "7"]
[EventCountry "BUL"]
[SourceTitle "EXT 2015"]
[Source "ChessBase"]
[SourceDate "2014.11.20"]
[SourceVersion "1"]
[SourceVersionDate "2014.11.20"]
[SourceQuality "1"]
[WhiteTeam "Slivnitsa Geroy"]
[BlackTeam "Blagoevgrad Victory"]
[WhiteTeamCountry "BUL"]
[BlackTeamCountry "BUL"]

1. e4 Nf6 2. Nc3 d5 3. d3 dxe4 4. Nxe4 Nxe4 5. dxe4 Qxd1+ 6. Kxd1 Nc6 7. c3 e5 8. Be3 Be6 9. Nf3 f6 10. Bb5 Bd7 11. Ke2 a6 12. Bd3 Be6 13. Nd2 Be7 14. b4 Kf7 15. Bc2 Rhd8 16. Bb3 Rd7 17. Rhd1 Rad8 18. Bxe6+ Kxe6 19. Nb3 b6 20. Rxd7 Kxd7 21. a4 Kc8 22. b5 Nb8 23. Rd1 Rxd1 24. Kxd1 axb5 25. axb5 Nd7 26. Ke2 Kb7 27. f3 c6 28. c4 Bc5 29. Nc1 Bxe3 30. Kxe3 Nc5 31. Na2 Ne6 32. Nb4 cxb5 33. cxb5 Nd4 34. f4 Kc7 35. Nd5+ Kd6 36. Nxb6 Nxb5 37. f5 Nd4 38. g4 Nc2+ 1/2-1/2

[Event "Vidin Balkan Amateur op 5th"]
[Site "Vidin"]
[Date "2014.08.27"]
[Round "5"]
[White "Dimitrov, Dejan"]
[Black "Tetimov, Ivan"]
[Result "1/2-1/2"]
[WhiteElo "2149"]
[BlackElo "2067"]
[PlyCount "125"]
[EventDate "2014.08.23"]
[EventType "swiss"]
[EventRounds "9"]
[EventCountry "BUL"]
[SourceTitle "CBM 162 Extra"]
[Source "ChessBase"]
[SourceDate "2014.10.17"]
[SourceVersion "1"]
[SourceVersionDate "2014.10.17"]
[SourceQuality "1"]

1. e4 Nf6 2. Nc3 d5 3. exd5 Nxd5 4. Bc4 Nb6 5. Bb3 Nc6 6. Qf3 e6 7. Nge2 Be7 8. a4 Na5 9. Ba2 0-0 10. d4 Bd7 11. Qh5 Nc6 12. 0-0 Nb4 13. Bb3 Bc6 14. a5 N6d5 15. Nxd5 Nxd5 16. c3 Nf6 17. Qh3 Bd5 18. Bc2 Be4 19. Bxe4 Nxe4 20. Qf3 Nd6 21. Bf4 a6 22. Rfd1 c6 23. Qd3 Bf6 24. Ng3 g6 25. Be5 Qe7 26. Re1 Rfd8 27. Qf3 Bg7 28. Qg4 Ne8 29. Bxg7 Kxg7 30. Ne4 Nf6 31. Qh4 Rd5 32. Nc5 Re8 33. Nd3 Qc7 34. Qf4 Qxf4 35. Nxf4 Rd6 36. Nd3 Nd7 37. b4 Kf6 38. Ne5 Rd5 39. Ng4+ Ke7 40. Re2 Rg5 41. Ne3 Nf6 42. f4 Rh5 43. c4 Rd8 44. Rd1 Ne4 45. Rd3 f5 46. Nf1 g5 47. Ng3 Nxg3 48. hxg3 Kf7 49. Re5 gxf4 50. gxf4 Rh4 51. g3 Rg4 52. Kf2 h5 53. d5 exd5 54. cxd5 h4 55. Rxf5+ Kg6 56. Re5 cxd5 57. gxh4 Rxf4+ 58. Kg3 Rxb4 59. Rdxd5 Rxd5 60. Rxd5 Rb3+ 61. Kg4 Rb4+ 62. Kg3 Rb3+ 63. Kg4 1/2-1/2

[Event "Euskadi-ch"]
[Site "Zornotza"]
[Date "2014.04.27"]
[Round "7"]
[White "Barrio Ugidos, Ainhoa"]
[Black "Tetimov, Ivan"]
[Result "0-1"]
[WhiteElo "1782"]
[BlackElo "2047"]
[PlyCount "102"]
[EventDate "2014.04.21"]
[EventType "swiss"]
[EventRounds "7"]
[EventCountry "ESP"]
[SourceTitle "CBM 160 Extra"]
[Source "ChessBase"]
[SourceDate "2014.07.01"]
[SourceVersion "1"]
[SourceVersionDate "2014.07.01"]
[SourceQuality "1"]

1. e4 c6 2. d4 d5 3. exd5 cxd5 4. c4 Nf6 5. Nc3 e6 6. Nf3 Bb4 7. cxd5 Nxd5 8. Bd2 Nc6 9. Bd3 0-0 10. 0-0 Nf6 11. Bg5 Be7 12. Qd2 Nb4 13. Bb1 Bd7 14. Ne5 Be8 15. a3 Nc6 16. Qd3 Nxe5 17. dxe5 Qxd3 18. Bxd3 Nd5 19. Bxe7 Nxe7 20. Rac1 Bc6 21. Rfd1 Rfd8 22. Be4 Rac8 23. h3 h6 24. b4 a6 25. Kf1 g5 26. g3 Kg7 27. Rb1 Rxd1+ 28. Rxd1 Ng6 29. Bxc6 Rxc6 30. Ne4 Nxe5 31. Nc5 b5 32. Ke2 Nc4 33. Rd3 a5 34. Nb3 axb4 35. axb4 Rd6 36. Nd4 Rd5 37. g4 Kg6 38. f3 Kf6 39. Nc6 Rxd3 40. Kxd3 Ne5+ 41. Nxe5 Kxe5 42. Ke3 Kd5 43. Kd3 Ke5 44. Ke3 f6 45. Ke2 Kd4 46. Kd2 Kc4 47. Kc2 Kxb4 48. Kb2 Kc4 49. Kc2 Kd4 50. Kd2 b4 51. Ke2 b3 0-1

[Event "Huarte Puente Foral op 8th"]
[Site "Huarte"]
[Date "2013.12.04"]
[Round "2"]
[White "Apesteguia Domaica, Jose Antonio"]
[Black "Tetimov, Ivan"]
[Result "1-0"]
[WhiteElo "1880"]
[BlackElo "2010"]
[PlyCount "111"]
[EventDate "2013.12.03"]
[EventType "swiss"]
[EventRounds "7"]
[EventCountry "ESP"]
[SourceTitle "EXT 2016"]
[Source "ChessBase"]
[SourceDate "2015.10.08"]
[SourceVersion "1"]
[SourceVersionDate "2015.10.08"]
[SourceQuality "1"]

1. d4 Nf6 2. c4 e6 3. Nc3 Bb4 4. Qc2 0-0 5. Nf3 c5 6. e3 b6 7. Be2 Bb7 8. 0-0 Bxc3 9. Qxc3 Ne4 10. Qc2 f5 11. dxc5 bxc5 12. Rd1 Qb6 13. b3 d6 14. Ne1 Nd7 15. f3 Nef6 16. Bb2 a5 17. Rab1 Rfd8 18. Nd3 e5 19. Nf2 g6 20. Bd3 Re8 21. e4 f4 22. Qd2 Nf8 23. Be2 Red8 24. Nd3 Ne6 25. Qe1 Qc7 26. Bc3 Nd4 27. Qd2 Bxe4 28. Rbc1 Bf5 29. Bxd4 cxd4 30. Nxf4 exf4 31. Qxf4 Qe7 32. Qxd4 Qxe2 33. Qxf6 Qe5 34. Qg5 Re8 35. Qd2 Qe3+ 36. Kf1 Qxd2 37. Rxd2 Re3 38. Rxd6 a4 39. b4 Ra3 40. Rd2 Rc8 41. c5 Kf7 42. Kf2 Be6 43. Rcc2 Rb8 44. Rb2 Rc3 45. Rd6 a3 46. Re2 Bc4 47. Re3 Rxe3 48. Kxe3 Rxb4 49. Rd7+ Ke6 50. Ra7 Rb2 51. Rxa3 Rxa2 52. Rc3 Kd5 53. c6 Rxg2 54. Rxc4 Ra2 55. c7 Ra3+ 56. Kf2 1-0

[Event "Blagoevgrad op"]
[Site "Blagoevgrad"]
[Date "2013.09.28"]
[Round "1"]
[White "Tetimov, Ivan"]
[Black "Okov, Mario"]
[Result "1-0"]
[WhiteElo "2066"]
[BlackElo "1743"]
[PlyCount "109"]
[EventDate "2013.09.28"]
[EventType "swiss"]
[EventRounds "9"]
[EventCountry "BUL"]
[SourceTitle "CBM 156 Extra"]
[Source "ChessBase"]
[SourceDate "2013.10.22"]
[SourceVersion "1"]
[SourceVersionDate "2013.10.22"]
[SourceQuality "1"]

1. d4 d5 2. Nf3 Nf6 3. c4 c6 4. Qc2 g6 5. g3 Bg7 6. Bg2 0-0 7. 0-0 Bf5 8. Qb3 Qb6 9. Nc3 Qxb3 10. axb3 Ne4 11. cxd5 Nxc3 12. bxc3 cxd5 13. Nd2 Rd8 14. e4 dxe4 15. Nxe4 Bxe4 16. Bxe4 Nc6 17. b4 a6 18. Bxc6 bxc6 19. Bf4 Rd5 20. Rfe1 e6 21. Ra2 g5 22. Bc7 Rd7 23. Bb6 h6 24. Kg2 Rb7 25. Bc5 Bf8 26. Ra5 Rb5 27. Rea1 Bxc5 28. Rxb5 cxb5 29. dxc5 Kf8 30. Kf3 Ke7 31. Ke3 Kd7 32. Kd4 f6 33. c4 Kc6 34. Kc3 bxc4 35. Kxc4 Ra7 36. Rd1 Rd7 37. Rxd7 Kxd7 38. b5 axb5+ 39. Kxb5 Kc7 40. g4 f5 41. gxf5 exf5 42. c6 f4 43. Kc5 g4 44. Kd5 g3 45. hxg3 fxg3 46. fxg3 h5 47. Kc5 Kc8 48. Kd6 Kd8 49. Ke6 Kc7 50. Kf6 Kxc6 51. Kg6 Kd7 52. Kxh5 Ke7 53. Kg6 Kf8 54. g4 Kg8 55. g5 1-0

[Event "BUL-chT GpB 63rd"]
[Site "Sunny Beach"]
[Date "2013.09.22"]
[Round "5.4"]
[White "Dimitrov, Teodor"]
[Black "Tetimov, Ivan"]
[Result "1-0"]
[WhiteElo "2147"]
[BlackElo "2066"]
[PlyCount "49"]
[EventDate "2013.09.19"]
[EventType "team-tourn"]
[EventRounds "9"]
[EventCountry "BUL"]
[SourceTitle "CBM 156 Extra"]
[Source "ChessBase"]
[SourceDate "2013.10.22"]
[SourceVersion "1"]
[SourceVersionDate "2013.10.22"]
[SourceQuality "1"]
[WhiteTeam "Silistra"]
[BlackTeam "Blagoevgrad Victory"]
[WhiteTeamCountry "BUL"]
[BlackTeamCountry "BUL"]

1. d4 Nf6 2. c4 g6 3. Nc3 d5 4. Nf3 Bg7 5. e3 0-0 6. Bd3 c5 7. dxc5 dxc4 8. Bxc4 Qa5 9. 0-0 Qxc5 10. Bb3 Nc6 11. e4 Bg4 12. Be3 Qh5 13. h3 Ne5 14. hxg4 Nfxg4 15. Bf4 Rfd8 16. Qe2 Nd3 17. Bg3 Nxb2 18. Qxb2 Rd3 19. Qe2 Rxc3 20. Rac1 Rac8 21. Rxc3 Rxc3 22. Qd2 Qa5 23. Qf4 Nf6 24. Ng5 e5 25. Qxe5 1-0

[Event "Pamplona Navarra Preferente op"]
[Site "Pamplona"]
[Date "2013.05.18"]
[Round "6"]
[White "Tetimov, Ivan"]
[Black "Jimenez Almeida, Luis David"]
[Result "1-0"]
[WhiteElo "2047"]
[BlackElo "1994"]
[PlyCount "105"]
[EventDate "2013.04.13"]
[EventType "swiss"]
[EventRounds "7"]
[EventCountry "ESP"]
[SourceTitle "CBM 154 Extra"]
[Source "ChessBase"]
[SourceDate "2013.06.25"]
[SourceVersion "2"]
[SourceVersionDate "2013.06.25"]
[SourceQuality "1"]

1. e4 c5 2. Nf3 Nc6 3. Nc3 e6 4. d4 cxd4 5. Nxd4 Nf6 6. Be3 Bb4 7. Bd3 d5 8. 0-0 Bxc3 9. bxc3 dxe4 10. Nxc6 bxc6 11. Bc4 0-0 12. Bc5 Re8 13. Qe2 Qa5 14. Bb4 Qe5 15. f4 Qf5 16. Rae1 c5 17. Ba5 Bb7 18. Bb5 Re7 19. c4 e5 20. Qe3 exf4 21. Rxf4 Qg5 22. Re2 Qh5 23. h3 Qh6 24. Bc3 Nh5 25. Rf5 Qxe3+ 26. Rxe3 g6 27. Rxh5 gxh5 28. Rg3+ Kf8 29. Bg7+ Kg8 30. Bd4+ Kf8 31. Bxc5 Rc8 32. Ba3 a6 33. Ba4 Rxc4 34. Bb3 Rd4 35. Kf2 Bd5 36. Rc3 Bxb3 37. axb3 Rdd7 38. Ke3 Kg7 39. Bxe7 Rxe7 40. Rc6 f5 41. Rxa6 Rc7 42. c4 Rb7 43. Ra3 Kf6 44. Kf4 Re7 45. b4 Rc7 46. Ra6+ Kg7 47. c5 Rb7 48. Rb6 Re7 49. c6 e3 50. Rb7 Rxb7 51. cxb7 e2 52. b8Q e1Q 53. Qe5+ 1-0

[Event "Pamplona Navarra Preferente op"]
[Site "Pamplona"]
[Date "2013.05.04"]
[Round "4"]
[White "Tetimov, Ivan"]
[Black "Hernandorena de la Cruz, Egoi"]
[Result "1-0"]
[WhiteElo "2047"]
[BlackElo "2025"]
[PlyCount "104"]
[EventDate "2013.04.13"]
[EventType "swiss"]
[EventRounds "7"]
[EventCountry "ESP"]
[SourceTitle "CBM 154 Extra"]
[Source "ChessBase"]
[SourceDate "2013.06.25"]
[SourceVersion "2"]
[SourceVersionDate "2013.06.25"]
[SourceQuality "1"]

1. e4 e5 2. Nf3 Nc6 3. d4 exd4 4. Nxd4 Bc5 5. Be3 Qf6 6. c3 Nge7 7. Bc4 Ne5 8. Be2 Qg6 9. 0-0 Qxe4 10. Nb5 Bxe3 11. Nxc7+ Kd8 12. Nxa8 Bh6 13. Re1 f6 14. Qd4 Qxd4 15. cxd4 N5c6 16. Na3 d5 17. Nb5 Bf4 18. Bf3 Bd7 19. g3 Bb8 20. Rad1 Be8 21. a3 Bf7 22. Re2 Kd7 23. Kg2 Bd6 24. Nxa7 Rxa8 25. Nb5 Ra5 26. Nc3 b5 27. Ree1 b4 28. axb4 Nxb4 29. Ra1 Nc2 30. Rxe7+ Kxe7 31. Rxa5 Ne1+ 32. Kf1 Nxf3 33. Nxd5+ Bxd5 34. Rxd5 Ke6 35. Rb5 Nxd4 36. Rb7 Be7 37. b4 h5 38. b5 g5 39. b6 h4 40. Kg2 hxg3 41. fxg3 Nc6 42. Rc7 Nb8 43. b7 Bd6 44. Rc8 Kf5 45. h3 g4 46. h4 Be5 47. Rg8 Ke6 48. h5 Kf7 49. Rxg4 Nd7 50. h6 f5 51. Rg5 Ke6 52. Rg8 Kd6 1-0

[Event "Euskadi-chT Div 1"]
[Site "Bergara"]
[Date "2013.02.02"]
[Round "4.2"]
[White "Tetimov, Ivan"]
[Black "Alvarez Ponga, Hugo"]
[Result "0-1"]
[WhiteElo "2043"]
[BlackElo "2099"]
[PlyCount "140"]
[EventDate "2013.01.12"]
[EventType "team-tourn"]
[EventRounds "9"]
[EventCountry "ESP"]
[SourceTitle "EXT 2015"]
[Source "ChessBase"]
[SourceDate "2014.11.20"]
[SourceVersion "1"]
[SourceVersionDate "2014.11.20"]
[SourceQuality "1"]

1. Nf3 Nf6 2. d4 e6 3. c4 Bb4+ 4. Bd2 Qe7 5. Qc2 0-0 6. g3 Bxd2+ 7. Nbxd2 Nc6 8. Bg2 d6 9. 0-0 e5 10. d5 Nb4 11. Qc3 a5 12. a3 Na6 13. b4 Bg4 14. h3 Bh5 15. e4 Bg6 16. Nh4 Nh5 17. Nb3 a4 18. Nc1 f6 19. Nd3 Be8 20. Nf5 Qd7 21. c5 g6 22. c6 Qd8 23. cxb7 Ra7 24. Ne3 Rxb7 25. Rfc1 Nb8 26. Nc4 Bb5 27. Na5 Ra7 28. Nb2 f5 29. exf5 gxf5 30. Qe3 Ra8 31. Qh6 Ng7 32. Rc3 Nd7 33. Rac1 Ne8 34. Bf1 Bxf1 35. Rxf1 Nb6 36. Rd1 Qf6 37. Qxf6 Rxf6 38. Nbc4 Nxc4 39. Rxc4 Rf7 40. f4 e4 41. Nc6 Nf6 42. Kf2 Re8 43. Rc3 Rg7 44. Re3 h5 45. Ree1 e3+ 46. Kf3 Ne4 47. Rg1 Nc3 48. Rd3 e2 49. Rxc3 e1Q 50. Rxe1 Rxe1 51. Nd4 Rd1 52. Nxf5 Rd7 53. Ke4 Kf7 54. g4 hxg4 55. hxg4 Re1+ 56. Re3 Rxe3+ 57. Kxe3 Kf6 58. Ke4 Rh7 59. g5+ Kg6 60. Nh6 Re7+ 61. Kd4 Re1 62. Ng8 Kf5 63. Kc4 Re3 64. b5 Rxa3 65. Ne7+ Kxf4 66. Kb4 Re3 67. Nc6 a3 68. g6 a2 69. g7 a1Q 70. g8Q Qa3+ 0-1

[Event "Huarte Puente Foral op 7th"]
[Site "Huarte"]
[Date "2012.12.07"]
[Round "5"]
[White "Duran Fernandez, Emilio"]
[Black "Tetimov, Ivan"]
[Result "0-1"]
[WhiteElo "1733"]
[BlackElo "2045"]
[PlyCount "74"]
[EventDate "2012.12.04"]
[EventType "swiss"]
[EventRounds "7"]
[EventCountry "ESP"]
[SourceTitle "EXT 2016"]
[Source "ChessBase"]
[SourceDate "2015.10.08"]
[SourceVersion "1"]
[SourceVersionDate "2015.10.08"]
[SourceQuality "1"]

1. c4 Nf6 2. d4 g6 3. Nc3 d5 4. Nf3 Bg7 5. Bf4 0-0 6. cxd5 Nxd5 7. Nxd5 Qxd5 8. Bxc7 Na6 9. Be5 Bf5 10. Nh4 Bxe5 11. Nxf5 Bf6 12. Ng3 Qa5+ 13. Qd2 Qxd2+ 14. Kxd2 Bxd4 15. e3 Bxb2 16. Rb1 Rfd8+ 17. Ke2 Bf6 18. Rxb7 Nc5 19. Rc7 Ne6 20. Rb7 Rac8 21. f4 Rc2+ 22. Kf3 Rxa2 23. Bc4 Ra3 24. Bxe6 fxe6 25. Ne4 Kf7 26. h4 Rdd3 27. Re1 Bxh4 28. g3 Bf6 29. g4 h6 30. g5 hxg5 31. fxg5 Bd4 32. Nd6+ Kf8 33. Rb8+ Kg7 34. Ne8+ Kf7 35. Kg4 e5 36. Rf1+ Ke6 37. exd4 Rxd4+ 0-1

[Event "Huarte Puente Foral op 7th"]
[Site "Huarte"]
[Date "2012.12.06"]
[Round "4"]
[White "Tetimov, Ivan"]
[Black "Ortega Lopez, Mikel"]
[Result "0-1"]
[WhiteElo "2045"]
[BlackElo "1994"]
[PlyCount "115"]
[EventDate "2012.12.04"]
[EventType "swiss"]
[EventRounds "7"]
[EventCountry "ESP"]
[SourceTitle "EXT 2016"]
[Source "ChessBase"]
[SourceDate "2015.10.08"]
[SourceVersion "1"]
[SourceVersionDate "2015.10.08"]
[SourceQuality "1"]

1. d4 Nf6 2. Bg5 d5 3. Bxf6 exf6 4. e3 c6 5. c4 Nd7 6. cxd5 cxd5 7. Qb3 Nb6 8. Nc3 Bd7 9. Nge2 Bc6 10. g3 Qd7 11. Bg2 Be7 12. Nf4 Rd8 13. 0-0 0-0 14. Rfd1 g6 15. Rac1 Rfe8 16. Nd3 Qf5 17. Nb5 Qd7 18. Nc3 Qf5 19. Nb5 Qd7 20. Nxa7 Ba4 21. Qxb6 Bxd1 22. Rxd1 Ra8 23. Qb5 Qg4 24. Rd2 Reb8 25. h3 Qe6 26. Nf4 Qd6 27. Nxd5 Rxa7 28. a3 Bd8 29. Qc5 Qxc5 30. dxc5 Rc8 31. Nc3 Be7 32. Nb5 Ra5 33. Bxb7 Rxc5 34. Nd4 Ra7 35. Bf3 f5 36. Nc6 Rc7 37. Nxe7+ Rxe7 38. Rd8+ Kg7 39. Kg2 Rc2 40. b4 Rxe3 41. b5 Rxa3 42. b6 Raa2 43. b7 Rxf2+ 44. Kg1 Rfb2 45. b8Q Ra1+ 46. Bd1 Rxb8 47. Rxb8 Rxd1+ 48. Kg2 Rd3 49. Rb6 g5 50. Rb5 Kg6 51. Rb6+ f6 52. Rb7 h5 53. Rb8 f4 54. gxf4 g4 55. hxg4 hxg4 56. Rb5 Rf3 57. Rb4 Kf5 58. Rb5+ 0-1

[Event "Huarte Puente Foral op 7th"]
[Site "Huarte"]
[Date "2012.12.04"]
[Round "1"]
[White "Otano Villanueva, Joseba"]
[Black "Tetimov, Ivan"]
[Result "0-1"]
[WhiteElo "1730"]
[BlackElo "2045"]
[PlyCount "100"]
[EventDate "2012.12.04"]
[EventType "swiss"]
[EventRounds "7"]
[EventCountry "ESP"]
[SourceTitle "EXT 2016"]
[Source "ChessBase"]
[SourceDate "2015.10.08"]
[SourceVersion "1"]
[SourceVersionDate "2015.10.08"]
[SourceQuality "1"]

1. d4 Nf6 2. c4 g6 3. Nc3 d5 4. e3 Bg7 5. Qb3 c6 6. Nf3 0-0 7. Be2 dxc4 8. Bxc4 b5 9. Be2 Be6 10. Qc2 Bf5 11. Bd3 Bxd3 12. Qxd3 b4 13. Ne4 Nbd7 14. Nxf6+ Nxf6 15. Qc4 Qb6 16. 0-0 Rac8 17. Bd2 a5 18. Rac1 Ne4 19. b3 Rfd8 20. Rfd1 e6 21. Qe2 c5 22. dxc5 Rxc5 23. Rxc5 Qxc5 24. Rc1 Bc3 25. h3 Qd5 26. Bxc3 Nxc3 27. Qc2 e5 28. Kh2 Qd6 29. Kh1 Kg7 30. Ng1 f5 31. Ne2 Rc8 32. Ng1 Rc5 33. Ra1 Ne4 34. Qe2 Qd3 35. Qb2 Qc3 36. Rb1 Qxb2 37. Rxb2 Rc1 38. Kh2 Rf1 39. f3 Nc3 40. Ne2 Rf2 41. Rd2 Rxe2 42. Rd7+ Kf6 43. Rxh7 Rxa2 44. f4 a4 45. bxa4 b3 46. Rb7 b2 47. Rb6+ Ke7 48. fxe5 b1Q 49. Rxg6 Ne4 50. h4 Ra1 0-1

[Event "Navarra-chT Preferente"]
[Site "Navarra"]
[Date "2012.11.17"]
[Round "6.7"]
[White "Elia Aldave, Inigo"]
[Black "Tetimov, Ivan"]
[Result "0-1"]
[WhiteElo "1663"]
[BlackElo "2059"]
[PlyCount "63"]
[EventDate "2012.10.13"]
[EventType "team"]
[EventRounds "7"]
[EventCountry "ESP"]
[SourceTitle "EXT 2014"]
[Source "ChessBase"]
[SourceDate "2013.11.20"]
[SourceVersion "1"]
[SourceVersionDate "2013.11.20"]
[SourceQuality "1"]
[WhiteTeam "Paz de Ziganda"]
[BlackTeam "San Juan"]
[WhiteTeamCountry "ESP"]
[BlackTeamCountry "ESP"]

1. e4 c6 2. d4 d5 3. e5 Bf5 4. c4 e6 5. a3 dxc4 6. Bxc4 a6 7. Bb3 Ne7 8. Nc3 Nd7 9. Nge2 Nb6 10. 0-0 Ned5 11. Ng3 Bg6 12. f4 Qd7 13. Qe2 c5 14. Nce4 cxd4 15. Nd6+ Bxd6 16. exd6 0-0 17. f5 exf5 18. Qf3 Qxd6 19. Nxf5 Bxf5 20. Qxf5 Rac8 21. Qd3 Qe5 22. Rf5 Qe1+ 23. Rf1 Qh4 24. Bd2 Ne3 25. Bxe3 dxe3 26. Qxe3 Nc4 27. Qf3 Qd4+ 28. Kh1 Nd2 29. Bxf7+ Kh8 30. Qxb7 Nxf1 31. Rxf1 Qf6 32. Qxa6 0-1

[Event "Navarra-chT Preferente"]
[Site "Navarra"]
[Date "2012.10.27"]
[Round "3.5"]
[White "Tetimov, Ivan"]
[Black "Roviralta Montero, Axel"]
[Result "0-1"]
[WhiteElo "2059"]
[BlackElo "1956"]
[PlyCount "76"]
[EventDate "2012.10.13"]
[EventType "team"]
[EventRounds "7"]
[EventCountry "ESP"]
[SourceTitle "EXT 2014"]
[Source "ChessBase"]
[SourceDate "2013.11.20"]
[SourceVersion "1"]
[SourceVersionDate "2013.11.20"]
[SourceQuality "1"]
[WhiteTeam "San Juan"]
[BlackTeam "Nuevo Casino"]
[WhiteTeamCountry "ESP"]
[BlackTeamCountry "ESP"]

1. d4 b6 2. c4 e6 3. Nc3 Bb7 4. Nf3 Nf6 5. e3 Bb4 6. Bd3 0-0 7. Qc2 Bxc3+ 8. bxc3 d6 9. e4 Nfd7 10. Bg5 f6 11. Bh4 e5 12. 0-0 a5 13. c5 g5 14. Bg3 h5 15. h4 g4 16. Nh2 dxc5 17. f3 gxf3 18. Nxf3 cxd4 19. cxd4 Nc6 20. Qd2 Qe7 21. Bc4+ Kh7 22. Bd5 Qg7 23. Kh2 Rg8 24. Qf2 Nb4 25. Bxg8+ Rxg8 26. Rad1 Bxe4 27. dxe5 Nd3 28. Rxd3 Bxd3 29. Rd1 Be4 30. Bf4 Qg4 31. Kh1 Nxe5 32. Bxe5 fxe5 33. Rc1 Rg7 34. Ng5+ Kg8 35. Rf1 Bxg2+ 36. Kg1 Bxf1+ 37. Kxf1 Qxg5 38. hxg5 Rf7 0-1

[Event "Pamplona"]
[Site "Pamplona"]
[Date "2010.12.25"]
[Round "4"]
[White "Monell Camarasa, David"]
[Black "Tetimov, Ivan"]
[Result "1/2-1/2"]
[WhiteElo "2257"]
[BlackElo "1997"]
[PlyCount "24"]
[EventDate "2010.12.22"]
[EventType "tourn"]
[EventRounds "9"]
[EventCountry "ESP"]
[EventCategory "1"]
[SourceTitle "EXT 2012"]
[Source "ChessBase"]
[SourceDate "2011.11.24"]
[SourceVersion "1"]
[SourceVersionDate "2011.11.24"]
[SourceQuality "1"]

1. d4 Nf6 2. c4 e6 3. Nc3 Bb4 4. Qc2 0-0 5. a3 Bxc3+ 6. Qxc3 b6 7. Bg5 Bb7 8. Nf3 d6 9. e3 Nbd7 10. Qc2 Qe8 11. Be2 Ne4 12. Bh4 f5 1/2-1/2